000 00654nam a2200241Ia 4500
003 OSt
005 20221005130900.0
006 a|||||r|||| 00| 0
007 ta
008 221004b |||||||| |||| 00| 0 ben d
020 _c60
024 _a751
037 _b23, 20/03/2009, Mukta Dhara
_cTextual
040 _aCRL
_cCRL
_bben
041 _2ben
_aben
082 _aY:1.2, 157N9
100 _aRoy Annadashankar
_9213289
245 0 _aSanskritir bibaratan
260 _c1999
650 _aMODERN EUROPEAN LANGUAGES
942 _hY:1.2, 157N9
_cTEXL
_2cc
999 _c1058672
_d1058672